Port pricing and investment policy for developing countries / (Record no. 528042)

000 -LEADER
fixed length control field 01090cam a2200325 i 4500
001 - CONTROL NUMBER
control field 4156179
003 - CONTROL NUMBER IDENTIFIER
control field NUST
005 - DATE AND TIME OF LATEST TRANSACTION
control field 20190826110251.0
008 - FIXED-LENGTH DATA ELEMENTS--GENERAL INFORMATION
fixed length control field 781109s1979 nyua b 001 0 eng
010 ## - LIBRARY OF CONGRESS CONTROL NUMBER
LC control number 78026143
020 ## - INTERNATIONAL STANDARD BOOK NUMBER
International Standard Book Number 0195200926
020 ## - INTERNATIONAL STANDARD BOOK NUMBER
International Standard Book Number 0195200934 (pbk.)
038 ## - RECORD CONTENT LICENSOR
Staff Name M.Ramzan
040 ## - CATALOGING SOURCE
Original cataloging agency DLC
Transcribing agency DLC
Modifying agency DLC
043 ## - GEOGRAPHIC AREA CODE
Geographic area code d------
050 00 - LIBRARY OF CONGRESS CALL NUMBER
Classification number HE951
Item number .B46
082 00 - DEWEY DECIMAL CLASSIFICATION NUMBER
Classification number 387.1
Edition number BEN
100 1# - MAIN ENTRY--PERSONAL NAME
Personal name Bennathan, Esra.
9 (RLIN) 19564
245 10 - TITLE STATEMENT
Title Port pricing and investment policy for developing countries /
Statement of responsibility, etc. Esra Bennathan and A. A. Walters.
260 ## - PUBLICATION, DISTRIBUTION, ETC.
Place of publication, distribution, etc. New York :
Name of publisher, distributor, etc. Published for the World Bank [by] Oxford University Press,
Date of publication, distribution, etc. c1979.
300 ## - PHYSICAL DESCRIPTION
Extent xv, 230 p. :
Other physical details ill. ;
Dimensions 23 cm.
500 ## - GENERAL NOTE
General note Includes index.
504 ## - BIBLIOGRAPHY, ETC. NOTE
Bibliography, etc. note Bibliography: p. 220-224.
650 #0 - SUBJECT ADDED ENTRY--TOPICAL TERM
Topical term or geographic name entry element Harbors
General subdivision Port charges.
9 (RLIN) 19565
650 #0 - SUBJECT ADDED ENTRY--TOPICAL TERM
Topical term or geographic name entry element Harbors
Geographic subdivision Developing countries
General subdivision Finance.
9 (RLIN) 19566
650 #0 - SUBJECT ADDED ENTRY--TOPICAL TERM
Topical term or geographic name entry element Investments, Foreign
Geographic subdivision Developing countries.
9 (RLIN) 19567
700 1# - ADDED ENTRY--PERSONAL NAME
Personal name Walters, A. A.
Fuller form of name (Alan Arthur),
Dates associated with a name 1926-2009.
9 (RLIN) 19568
906 ## - LOCAL DATA ELEMENT F, LDF (RLIN)
a 7
b cbc
c orignew
d 1
e ocip
f 19
g y-gencatlg
942 ## - ADDED ENTRY ELEMENTS (KOHA)
Source of classification or shelving scheme
Koha item type Book
Holdings
Withdrawn status Lost status Source of classification or shelving scheme Damaged status Not for loan Permanent Location Current Location Date acquired Total Checkouts Full call number Barcode Date last seen Price effective from Koha item type
          School of Civil and Environmental Engineering (SCEE) School of Civil and Environmental Engineering (SCEE) 08/26/2019   387.1 NIT-10185 08/26/2019 08/26/2019 Book
© 2023 Central Library, National University of Sciences and Technology. All Rights Reserved.